[Event "Montcada op-C 25th"]
[Site "Montcada"]
[Date "2017.07.01"]
[Round "7"]
[White "Vegara Gallego, Pere"]
[Black "Riera Xixons, Francesc"]
[Result "1-0"]
[WhiteElo "1619"]
[BlackElo "1551"]
[PlyCount "55"]
[EventDate "2017.06.26"]
[EventType "swiss"]
[EventRounds "9"]
[EventCountry "ESP"]
[SourceTitle "EXT 2018"]
[Source "ChessBase"]
[SourceDate "2017.10.13"]
[SourceVersion "1"]
[SourceVersionDate "2017.10.13"]
[SourceQuality "1"]

1. Nf3 d5 2. e3 Nf6 3. b3 Nc6 4. Bb2 a6 5. d4 Bg4 6. h3 Bh5 7. Nbd2 e6 8. c4 Bb4 9. Be2 Ne4 10. 0-0 Bxf3 11. Nxf3 Bc3 12. Bxc3 Nxc3 13. Qc2 Nxe2+ 14. Qxe2 dxc4 15. Qxc4 0-0 16. Rac1 Rc8 17. Rfd1 Qe7 18. Qc5 Qf6 19. d5 Ne5 20. Nxe5 Qxe5 21. dxe6 Qxe6 22. Rd2 b6 23. Qc6 Qe5 24. Rdc2 h6 25. Qb7 a5 26. Rxc7 Rxc7 27. Qxc7 Qb2 28. Qc2 1-0

[Event "Montcada op-C 25th"]
[Site "Montcada"]
[Date "2017.06.27"]
[Round "2"]
[White "Riera Xixons, Francesc"]
[Black "Anjali, R Sagar"]
[Result "0-1"]
[WhiteElo "1551"]
[BlackElo "1724"]
[PlyCount "82"]
[EventDate "2017.06.26"]
[EventType "swiss"]
[EventRounds "9"]
[EventCountry "ESP"]
[SourceTitle "EXT 2018"]
[Source "ChessBase"]
[SourceDate "2017.10.13"]
[SourceVersion "1"]
[SourceVersionDate "2017.10.13"]
[SourceQuality "1"]

1. Nf3 Nf6 2. d4 g6 3. c4 Bg7 4. Nc3 d5 5. g3 0-0 6. Bg2 dxc4 7. Bf4 c6 8. 0-0 Nd5 9. Nxd5 cxd5 10. Qc1 Nc6 11. Qd2 Bf5 12. Bh6 Be4 13. Bxg7 Kxg7 14. Ng5 Bxg2 15. Kxg2 Qb6 16. e3 Qb4 17. Qe2 h6 18. Nf3 b5 19. h4 a5 20. a3 Qd6 21. Rfc1 Rae8 22. Nd2 e5 23. dxe5 Nxe5 24. b3 Nd3 25. a4 Nxc1 26. Rxc1 Qa3 27. Qd1 cxb3 28. Ra1 Qb4 29. Nxb3 Qe4+ 30. Kg1 bxa4 31. Nc5 Qc4 32. Nxa4 Rb8 33. Rc1 Qb3 34. Qd4+ Kg8 35. Nc5 Qb2 36. Qd1 Rfc8 37. Kg2 a4 38. Nd3 Rxc1 39. Qxa4 Qc2 40. Qa7 Qc7 41. Qd4 Rd1 0-1

[Event "Mataro Vinas Memorial-B 13th"]
[Site "Mataro"]
[Date "2017.04.29"]
[Round "2.5"]
[White "Riera Xixons, Francesc"]
[Black "Molins Rafa, Xavier"]
[Result "0-1"]
[WhiteElo "1551"]
[BlackElo "1301"]
[PlyCount "70"]
[EventDate "2017.04.22"]
[EventType "swiss"]
[EventRounds "8"]
[EventCountry "ESP"]
[SourceTitle "EXT 2024"]
[Source "ChessBase"]
[SourceDate "2023.10.10"]
[SourceVersion "1"]
[SourceVersionDate "2023.10.10"]
[SourceQuality "1"]

1. Nf3 Nf6 2. d4 d5 3. c4 e6 4. a3 Be7 5. Nc3 b6 6. Bf4 a6 7. e3 Bb7 8. Bd3 dxc4 9. Bxc4 0-0 10. 0-0 Nbd7 11. Bd3 h6 12. e4 c5 13. Ne5 cxd4 14. Ne2 Nxe4 15. Bxe4 Bxe4 16. Qxd4 Bd5 17. Nc3 Bc5 18. Qd1 Nxe5 19. Bxe5 Qg5 20. Bg3 Rad8 21. Qc1 Qg6 22. Nxd5 Rxd5 23. b4 Bd4 24. Ra2 Rg5 25. Kh1 e5 26. f4 Rxg3 27. fxe5 Rg5 28. Re2 Bxe5 29. Rfe1 Qh5 30. h3 Bg3 31. Re8 Rxe8 32. Rxe8+ Kh7 33. Qc2+ Qg6 34. Qb2 Qf5 35. Qc1 Rh5 0-1